| 000 -CABECERA |
| Longitud fija campo de control |
01001nam a2200217 a 4500 |
| 001 - NÚMERO DE CONTROL |
| Número de control |
5504 |
| 003 - IDENTIFICADOR DEL NÚMERO DE CONTROL |
| Identificador del número de control |
CDMR |
| 005 - FECHA Y HORA DE LA ÚLTIMA TRANSACCIÓN |
| Fecha y hora de la última transacción |
20230417133554.0 |
| 008 - CÓDIGOS DE INFORMACIÓN DE LONGITUD FIJA |
| Códigos de información de longitud fija |
130130s2009||||||||||||||||||||||||||||d |
| 040 ## - FUENTE DE LA CATALOGACIÓN |
| Centro catalogador de origen |
CDMR |
| Lengua de catalogación |
cat |
| Centro transcriptor |
CPC GIRONA |
| 245 #0 - MENCIÓN DE TÍTULO |
| Título |
Recomanacions sobre el tractament de la violència masclista als mitjans de comunicació |
| Mención de responsabilidad, etc. |
/ Associació de Dones Periodistes de Catalunya [et. al.] |
| 260 ## - PUBLICACIÓN, DISTRIBUCIÓN, ETC. (PIE DE IMPRENTA) |
| Lugar de publicación, distribución, etc. |
[Barcelona] |
| Nombre del editor, distribuidor, etc. |
: Col·legi de Periodistes de Catalunya |
| Fecha de publicación, distribución, etc. |
, 2009 |
| 505 ## - NOTA DE CONTENIDO CON FORMATO |
| Nota de contenido con formato |
Aquestes recomanacions han estat actualitzades el 2022, vegeu https://omeka.periodistes.cat/items/show/675 |
| 650 #0 - PUNTO DE ACCESO ADICIONAL DE MATERIA - TÉRMINO DE MATERIA |
| 9 (RLIN) |
3818 |
| Término de materia o nombre geográfico como elemento inicial |
Mitjans de comunicació de massa i dones |
| 650 #0 - PUNTO DE ACCESO ADICIONAL DE MATERIA - TÉRMINO DE MATERIA |
| 9 (RLIN) |
4838 |
| Término de materia o nombre geográfico como elemento inicial |
Violència envers les dones en els mitjans de comunicació de massa |
| 650 #0 - PUNTO DE ACCESO ADICIONAL DE MATERIA - TÉRMINO DE MATERIA |
| 9 (RLIN) |
983 |
| Término de materia o nombre geográfico como elemento inicial |
Ètica periodística |
| 710 2# - PUNTO DE ACCESO ADICIONAL - NOMBRE DE ENTIDAD |
| 9 (RLIN) |
855 |
| Nombre de entidad o nombre de jurisdicción como elemento inicial |
Associació de Dones Periodistes de Catalunya |
| 710 2# - PUNTO DE ACCESO ADICIONAL - NOMBRE DE ENTIDAD |
| 9 (RLIN) |
133 |
| Nombre de entidad o nombre de jurisdicción como elemento inicial |
Col·legi de Periodistes de Catalunya |
| 856 ## - LOCALIZACIÓN Y ACCESO ELECTRÓNICO |
| Identificador Uniforme del Recurso (URI) |
<a href="https://omeka.periodistes.cat/items/show/505">https://omeka.periodistes.cat/items/show/505</a> |
| Nota pública |
Accessible en línia |
| 942 ## - ENTRADA DE ELEMENTOS AGREGADOS (KOHA) |
| Koha [por defecto] tipo de item |
Monografies |
| Fuente de clasificaión o esquema |
|